000 01410nam a2200313 a 4500
001 BRCA_8547
005 20190320210328.0
008 150816s1678----sp-#######---#000-0#spa-#
041 _aspa
044 _asp
050 4 _aBL290
_p.D45
_b1678
100 1 _aDe la antigua, Sor María
_921424
245 1 0 _aDensegaño de religiosos de almas que tratan de virtud
_cPor la V. madre Sor María De la antigua.
260 _aSevilla
_bJuan Gabecas
_c1678
300 _a814 p.
_c27 cm
500 _aFondo antiguo
500 _aSe encuentra en Caja Fuerte
500 _aW-146
500 _aIncluye índice de las cosas notables que se contienen en este libro
500 _aCon licencia de la orden, aprobación del M. R. Fr. Alonso Calderón y R. P. Fr. Gabriel de la Siena Rubalcaba, censura del M. R. P. Iván de Cardenas. Tassa y fe de las erratas
500 _aGrabado que se localiza antes de la introducción, grabado de Sor María de la Antigua en Fol. I
500 _aTexto impreso a dos columnas
500 _aEstado físico: presenta daño por polilla en algunas páginas del documento
500 _aNota de encuadernación: piel pergamino con broches en piel, se encuentra desprendida del lomo
506 0 _aFondo reservado: para su consulta es necesario credencial de usuario y carta de motivos
650 1 4 _aMisticismo
_vObras anteriores a 1800
_921425
902 _aLAR
942 _2lcc
_cB
999 _c8210
_d8210